000 aam a22 a 4500
999 _c3731
_d3731
003 AKMAL
005 20170523160851.0
008 170523s1987 my z 00 may d
020 _a9676503363
082 0 4 _a796 ARH
090 0 0 _a796
_bARH
100 1 _aArasoo, Vasudevan T.
_97383
245 1 0 _aAspek saintifik pelaziman sukan dan kecergasan jasmani /
_cVasudevan T. Arasoo
260 _aPetaling Jaya :
_bPenerbit Fajar Bakti,
_c1987
300 0 0 _a129ms. :
_bil. ;
_c25cm
504 _aMengandungi bibliografi
650 0 _aPhysical education and training
_95354
650 0 _aSports
_94579
942 _2ddc
_cBOOK